| 000 | 01501cam a2200337 a 4500 | ||
|---|---|---|---|
| 001 | EDZ0000082898 | ||
| 003 | StDuBDS | ||
| 005 | 20161031105201.0 | ||
| 006 | m||||||||d|||||||| | ||
| 007 | cr ||||||||||| | ||
| 008 | 120427s2010 caua fo| 001|0|eng|d | ||
| 020 |
_a9781446251799 (ebook) : _cNo price |
||
| 040 |
_aStDuBDS _beng _cStDuBDS _epn |
||
| 049 | _aAlfaisal Main Library | ||
| 050 | 0 |
_aLB1607 _b.S43 2010 |
|
| 082 | 0 | 4 |
_a507.1241 _223 |
| 245 | 0 | 0 |
_aSecondary science 11 to 16 _h[electronic resource] : _ba practical guide / _cGren Ireson ... [et al.]. |
| 260 |
_aLos Angeles, [Calif.] ; _aLondon : _bSAGE, _cc2010. |
||
| 300 |
_a1 online resource (vi, 176 p.) : _bill. |
||
| 520 | 8 | _aAre you looking for teaching ideas to make your science lessons come alive? Full of suggestions for exciting practical work to engage children, this book addresses and explains the science behind the experiments, and emphasises the need to engage the learner through minds-on activities. | |
| 504 | _aIncludes bibliographical references and index. | ||
| 521 | _aSpecialized. | ||
| 588 | _aDescription based on print version record. | ||
| 650 | 0 |
_aScience _xStudy and teaching (Secondary) _xActivity programs _zGreat Britain. |
|
| 655 | 7 |
_aElectronic books. _2local |
|
| 700 | 1 | _aIreson, Gren. | |
| 710 | 2 | _aSage eBooks | |
| 776 | 0 | 8 |
_iPrint version : _z9781849201261 |
| 856 | 4 | 0 | _uhttp://ezproxy.alfaisal.edu/login?url=http://sk.sagepub.com/books/secondary-science-11-to-16 |
| 942 |
_2lcc _cEBOOKS |
||
| 999 |
_c481178 _d481178 |
||